000 00816nam a2200217Ii 4500
003 JO-AjNU
008 230605s9999||||xx |||||||||||||| ||und||
017 _a2006/3/586
040 _aJO-AjNU
_bara
_erda
_cJO-AjNU
041 _aara
050 1 4 _aPJ7561.A2898 2006
100 3 _aأبو لبن، زياد,
_eauthor
_949270
245 0 0 _aرؤيا من الداخل: حوارات مع الشعراء، ج1
250 _aط1
264 3 1 _aعمان:دار فضاءات للنشر والتوزيع والطباعة،2006
300 _aج1، 159ص
336 _atext
_btxt
_2rdacontent
337 _aunmediated
_bn
_2rdamedia
338 _avolume
_bnc
_2rdacarrier
650 4 _aالشعر العربي-الأردن-تاريخ و نقد -فلسطين- شعراء عرب-القرن العشرون-مقابلات
_949271
999 _aA21630
_c25198
_d25198